Thirteenth Route Pokémon - Statistics

General Stats
  • This quiz has been taken 17 times
  • The average score is 91 of 114
Answer Stats
Route Game Type Pokémon % Correct
13 RY Grass/Poison Gloom
100%
13 RY Grass/Poison Oddish
100%
13 RBY Normal/Flying Pidgey
100%
13 LGPE Ice/Flying Articuno
91%
13 BY Grass/Poison Bellsprout
91%
41 GSC Water/Electric Chinchou
91%
13 BW Water/Ice Cloyster
91%
13 LGPE Dragon/Flying Dragonite
91%
13 Y Normal/Flying Farfetch'd
91%
13 XY Dragon/Ground Gible
91%
13 BW Poison/Flying Golbat
91%
13 FRLG Water/Flying Gyarados
91%
213 DPP Water/Flying Gyarados
91%
13 SM Water/Flying Gyarados
91%
13 HGSS Normal/Flying Hoothoot
91%
13 GSC Grass/Flying Hoppip
91%
13 B2W2 Water/Ghost Jellicent
91%
41 GSC Water/Electric Lanturn
91%
13 BW Rock/Psychic Lunatone
91%
13 RBY Water Magikarp
91%
41 GSC Water Magikarp
91%
213 DPP Water Magikarp
91%
13 SM Water Magikarp
91%
41 GC Water/Flying Mantine
91%
13 LGPE Fire/Flying Moltres
91%
13 GSC Normal/Flying Noctowl
91%
213 DP Water/Flying Pelipper
91%
13 BW Water/Flying Pelipper
91%
13 LGPE Normal/Flying Pidgeot
91%
13 Y Normal/Flying Pidgeotto
91%
13 GSC Water/Ground Quagsire
91%
13 GSC Water/Poison Qwilfish
91%
213 DP Water/Dark Sharpedo
91%
41 GSC Water Shellder
91%
13 BW Water Shellder
91%
13 Y Water/Psychic Slowbro
91%
13 Y Water/Psychic Slowpoke
91%
13 BW Rock/Psychic Solrock
91%
13 B2W2 Ice/Water Spheal
91%
13 RBY Water/Poison Tentacool
91%
41 GSC Water/Poison Tentacool
91%
213 DPP Water/Poison Tentacool
91%
13 GSC Water/Poison Tentacruel
91%
41 GSC Water/Poison Tentacruel
91%
213 DPP Water/Poison Tentacruel
91%
13 C Bug/Poison Venomoth
91%
13 RB Bug/Poison Venonat
91%
13 BY Grass/Poison Weepinbell
91%
213 DPP Water/Flying Wingull
91%
13 BW Water/Flying Wingull
91%
13 LGPE Electric/Flying Zapdos
91%
213 DP Dark Absol
82%
13 BW Dark Absol
82%
13 SM Water/Psychic Bruxish
82%
13 HGSS Water Buizel
82%
213 DPP Water Buizel
82%
13 LGPE Fire/Flying Charizard
82%
13 B2W2 Steel/Fighting Cobalion
82%
13 BW Water/Rock Corsola
82%
13 BW Poison/Flying Crobat
82%
13 BW Ghost/Flying Drifblim
82%
13 B2W2 Ghost/Flying Drifloon
82%
13 BW Electric/Flying Emolga
82%
213 DP Water Floatzel
82%
13 B2W2 Water/Ghost Frillish
82%
213 Pt Water/Ground Gastrodon
82%
13 RBY Water Goldeen
82%
13 XY Rock/Ground Graveler
82%
113 ORAS Steel/Fairy Klefki
82%
13 SS Bug/Flying Ledyba
82%
213 DPP Water Octillery
82%
13 RBY Water Poliwag
82%
213 DPP Water Remoraid
82%
113 RS Ground Sandshrew
82%
113 ORAS Dark/Fighting Scraggy
82%
213 DPP Water Shellos
82%
113 RSE Steel/Flying Skarmory
82%
13 HG Bug/Poison Spinarak
82%
13 BW Water/Psychic Starmie
82%
13 B2W2 Water Basculin
73%
13 GSC Normal Chansey
73%
213 Pt Normal/Flying Chatot
73%
13 XY Ground Dugtrio
73%
13 Y Water Horsea
73%
13 RB Water Krabby
73%
13 BW Water Krabby
73%
13 GSC Poison Nidorina
73%
13 GSC Poison Nidorino
73%
13 FR Water Psyduck
73%
13 Y Water Seadra
73%
13 B2W2 Poison/Bug Skorupi
73%
113 RSE Normal Spinda
73%
13 BW Water Staryu
73%
213 DPP Normal/Flying Swellow
73%
13 BW Normal/Flying Swellow
73%
13 BW Normal Audino
64%
13 B2W2 Grass/Poison Foongus
64%
13 LGPE Water Kingler
64%
13 BW Water Kingler
64%
113 E Fire Slugma
64%
13 XY Fire Slugma
64%
13 HGSS Grass Tangela
64%
13 BW Grass Tangela
64%
13 XY Ground Trapinch
64%
13 BW Ghost Shuppet
55%
13 SM Water Wishiwashi
55%
113 ORAS Normal Bouffalant
45%
13 HGSS Normal Linoone
45%
13 BW Water Luvdisc
45%
13 BW Grass Tangrowth
45%
13 HGSS Bug Wurmple
45%
13 HGSS Normal Whismur
36%
13 HGSS Normal Bidoof
27%
13 RB Normal Ditto
27%
No matching quizzes found
Score Distribution
Percent of People with Each Score
Percentile by Number Answered
Your Score History
You have not taken this quiz